Insaan Dosti Te Punjabi Sheri / (Record no. 523791)

000 -LEADER
fixed length control field 00492nam a22001697a 4500
003 - CONTROL NUMBER IDENTIFIER
control field NUST
038 ## - RECORD CONTENT LICENSOR
Staff Name waseem
082 ## - DEWEY DECIMAL CLASSIFICATION NUMBER
Classification number 891.491109
Author Mark BHA
100 ## - MAIN ENTRY--PERSONAL NAME
Personal name Bhatti, Amjad Ali
9 (RLIN) 14347
245 ## - TITLE STATEMENT
Title Insaan Dosti Te Punjabi Sheri /
Statement of responsibility, etc. Amjad Ali Bhatti
260 ## - PUBLICATION, DISTRIBUTION, ETC.
Place of publication, distribution, etc. Lahore :
Name of publisher, distributor, etc. A.H. Publishers,
Date of publication, distribution, etc. 2008.
300 ## - PHYSICAL DESCRIPTION
Extent 572 p. ;
500 ## - GENERAL NOTE
General note Hardcover.
880 ## - ALTERNATE GRAPHIC REPRESENTATION
Linkage 100-02\r
Title امجد علی بھٹی
880 ## - ALTERNATE GRAPHIC REPRESENTATION
Linkage 245-02\r
Title انسان دوستی تے پنجابی شاعری /
942 ## - ADDED ENTRY ELEMENTS (KOHA)
Source of classification or shelving scheme
Koha item type Book
Holdings
Withdrawn status Lost status Source of classification or shelving scheme Damaged status Not for loan Permanent Location Current Location Shelving location Date acquired Total Checkouts Full call number Barcode Date last seen Price effective from Koha item type
          Central Library (CL) Central Library (CL) Punjabi Literature 05/28/2019   891.491109 BHA CL-E-1870 05/28/2019 05/28/2019 Book
© 2023 Central Library, National University of Sciences and Technology. All Rights Reserved.